General studies solved & practice papers : (Record no. 94985)

MARC details
000 -LEADER
fixed length control field 00595nam a22001817a 4500
005 - DATE AND TIME OF LATEST TRANSACTION
control field 20150814114942.0
010 ## - LCCN (DPL NO)
LC control number ENG-113502
020 ## - INTERNATIONAL STANDARD BOOK NUMBER
Terms of availability 395.00
International Standard Book Number 9357940359
020 ## - INTERNATIONAL STANDARD BOOK NUMBER
Terms of availability 395.00
International Standard Book Number 9789357940351
035 ## - SYSTEM CONTROL NUMBER
System control number EN-97034
037 ## - SOURCE OF ACQUISITION
Source of stock number/acquisition DBAD/PUB
082 ## - DEWEY DECIMAL CLASSIFICATION NUMBER
Classification number 000
245 ## - TITLE STATEMENT
Title General studies solved & practice papers :
Remainder of title for understanding the pattern of UPSC Civil Servies exam and thorough practice
260 ## - PUBLICATION, DISTRIBUTION, ETC. (IMPRINT)
Place of publication, distribution, etc New Delhi
Name of publisher, distributor, etc V&S Publishers
Date of publication, distribution, etc 2015
270 ## - ADDRESS
Address F-216, Ansari Road, Daryaganj
City New Delhi
Postal code 110002
300 ## - PHYSICAL DESCRIPTION
Extent 328p.
Dimensions 28cm(pbk)
942 ## - ADDED ENTRY ELEMENTS (KOHA)
Source of classification or shelving scheme Dewey Decimal Classification
Item type English Books
Call number suffix GEN
Classification part 000
Holdings
Withdrawn status Lost status Not for loan Collection code Home library Current library Date acquired Source of acquisition Cost, normal purchase price Full call number Barcode Copy number Cost, replacement price Koha item type
    Not For Loan Non-fiction D.B.Act.Division D.B.Act.Division 16/07/2015 DBAD/PUB 395.00 000 GEN EN-97034 1 395.00 English Books

© Delhi Public Library
Hit Counter
free hit counter